[Event "Pyramiden Franken Cup"]
[Site "Fuerth"]
[Date "2016.09.03"]
[Round "4"]
[White "Wenninger, Philipp"]
[Black "Grafe, Wilhelm"]
[Result "1-0"]
[WhiteElo "2372"]
[BlackElo "2158"]
[PlyCount "79"]
[EventDate "2016.09.01"]
[EventType "swiss"]
[EventRounds "7"]
[EventCountry "GER"]
[SourceTitle "CBM 174 Extra"]
[Source "ChessBase"]
[SourceDate "2016.10.10"]
[SourceVersion "1"]
[SourceVersionDate "2016.10.10"]
[SourceQuality "1"]

1. d4 Nf6 2. c4 g6 3. Nc3 Bg7 4. e4 d6 5. Nf3 0-0 6. Be2 Nc6 7. 0-0 a6 8. d5 Nb8 9. h3 e5 10. dxe6 Bxe6 11. Be3 Nc6 12. Qc2 h6 13. Rad1 Qc8 14. Rfe1 Re8 15. Bf1 Ne5 16. Nxe5 dxe5 17. Nd5 Nd7 18. Rd2 b6 19. Red1 Qb7 20. b4 c6 21. Nc3 b5 22. a4 bxc4 23. Na2 Nb6 24. a5 Nd7 25. Bxc4 Nf8 26. Bb6 Qe7 27. Bc5 Qg5 28. Be3 Qe7 29. Bxe6 Nxe6 30. Rd7 Qh4 31. Qxc6 Nd4 32. Qd5 Qf6 33. Rd6 Qh4 34. Nc3 Rac8 35. Rd7 Rf8 36. Na4 Rc2 37. Nc5 Ne2+ 38. Kh2 Nf4 39. Qb3 Re2 40. R7d2 1-0

[Event "Pyramiden Franken Cup"]
[Site "Fuerth"]
[Date "2016.09.02"]
[Round "2"]
[White "Walter, Stefan"]
[Black "Grafe, Wilhelm"]
[Result "1/2-1/2"]
[WhiteElo "1934"]
[BlackElo "2158"]
[PlyCount "81"]
[EventDate "2016.09.01"]
[EventType "swiss"]
[EventRounds "7"]
[EventCountry "GER"]
[SourceTitle "CBM 174 Extra"]
[Source "ChessBase"]
[SourceDate "2016.10.10"]
[SourceVersion "1"]
[SourceVersionDate "2016.10.10"]
[SourceQuality "1"]

1. d4 Nf6 2. c4 g6 3. Nc3 Bg7 4. e4 0-0 5. Be2 d6 6. Bg5 c5 7. d5 h6 8. Bf4 Re8 9. Qd2 Kh7 10. Rd1 Nbd7 11. h3 Qb6 12. Nf3 e5 13. Be3 g5 14. g4 Nf8 15. h4 Nxg4 16. hxg5 Nxe3 17. Qxe3 Qd8 18. Kd2 Ng6 19. gxh6 Bf6 20. Rdg1 Nf4 21. Bf1 Bd7 22. Kc1 Qe7 23. Bd3 Rg8 24. Ne2 Nxe2+ 25. Bxe2 Bg4 26. Kb1 Rg6 27. Nh4 Bxh4 28. Bxg4 Kh8 29. Bf5 Bg5 30. Qf3 Rxh6 31. Rxh6+ Bxh6 32. Qh5 Qf6 33. Rh1 Kg7 34. Rg1+ Kf8 35. Rh1 Bg7 36. Rg1 Ke7 37. Qh7 Kf8 38. Kc2 Qh6 39. Qxh6 Bxh6 40. Rh1 Kg7 41. Kd3 1/2-1/2

[Event "Pyramiden Franken Cup"]
[Site "Fuerth"]
[Date "2015.09.05"]
[Round "4"]
[White "Niedermeier, Thomas"]
[Black "Grafe, Wilhelm"]
[Result "1-0"]
[WhiteElo "2226"]
[BlackElo "2168"]
[PlyCount "73"]
[EventDate "2015.09.03"]
[EventType "swiss"]
[EventRounds "7"]
[EventCountry "GER"]
[SourceTitle "EXT 2016"]
[Source "ChessBase"]
[SourceDate "2015.10.08"]
[SourceVersion "1"]
[SourceVersionDate "2015.10.08"]
[SourceQuality "1"]

1. e4 Nf6 2. e5 Nd5 3. d4 d6 4. c4 Nb6 5. exd6 cxd6 6. Nc3 g6 7. Be3 Bg7 8. Rc1 Nc6 9. b3 0-0 10. d5 Ne5 11. Be2 f5 12. f4 Nf7 13. Nf3 e5 14. dxe6 Bxe6 15. 0-0 Re8 16. Bf2 a6 17. Nd4 Bd7 18. Bf3 Rb8 19. a4 Nc8 20. Re1 Ne7 21. Ne6 Bxe6 22. Rxe6 Qd7 23. Re2 Kf8 24. Rd2 Qc7 25. g3 Qa5 26. Nd5 Nxd5 27. Rxd5 Qb4 28. c5 Rbd8 29. cxd6 Rd7 30. Bc5 Qa5 31. b4 Qd8 32. a5 Bb2 33. Rc2 Qf6 34. Re2 Re6 35. Rxe6 Qxe6 36. Rd2 Bf6 37. Bd4 1-0

[Event "Mittelfranken-chTB1 1415"]
[Site "Mittelfranken"]
[Date "2015.04.19"]
[Round "9.7"]
[White "Krisin, Joachim"]
[Black "Grafe, Wilhelm"]
[Result "1/2-1/2"]
[WhiteElo "1827"]
[BlackElo "2074"]
[PlyCount "37"]
[EventDate "2014.09.29"]
[EventType "team-tourn"]
[EventRounds "9"]
[EventCountry "GER"]
[SourceTitle "EXT 2020"]
[Source "ChessBase"]
[SourceDate "2019.10.17"]
[SourceVersion "1"]
[SourceVersionDate "2019.10.17"]
[SourceQuality "1"]
[WhiteTeam "Siemens Erlangen"]
[BlackTeam "Nuernberg NT III"]
[WhiteTeamCountry "GER"]
[BlackTeamCountry "GER"]

1. b3 Nf6 2. Bb2 d5 3. f4 g6 4. Nf3 Bg7 5. e3 0-0 6. Be2 c5 7. 0-0 Nc6 8. Ne5 Qc7 9. Nxc6 Qxc6 10. c4 Be6 11. Bf3 Qd7 12. Qe2 Rad8 13. Nc3 d4 14. exd4 cxd4 15. Nb5 Nh5 16. Qe4 Bf5 17. Qxb7 Nxf4 18. Qxd7 Bxd7 19. Bxd4 1/2-1/2

[Event "Nuremberg Zabo op 16th"]
[Site "Nuremberg"]
[Date "2014.09.20"]
[Round "3"]
[White "Grafe, Wilhelm"]
[Black "Schmitz, Tim"]
[Result "1/2-1/2"]
[WhiteElo "2107"]
[BlackElo "1713"]
[PlyCount "51"]
[EventDate "2014.09.19"]
[EventType "swiss"]
[EventRounds "5"]
[EventCountry "GER"]
[SourceTitle "EXT 2018"]
[Source "ChessBase"]
[SourceDate "2017.10.13"]
[SourceVersion "1"]
[SourceVersionDate "2017.10.13"]
[SourceQuality "1"]

1. Nf3 Nf6 2. d4 g6 3. g3 Bg7 4. Bg2 0-0 5. 0-0 d6 6. c4 Nc6 7. Nc3 a6 8. h3 Rb8 9. Be3 Bd7 10. d5 Na5 11. Nd2 b5 12. cxb5 axb5 13. b4 Nc4 14. Ba7 Rb7 15. Bd4 Qc8 16. h4 c5 17. dxc6 Bxc6 18. f3 e5 19. Bf2 d5 20. Nxc4 bxc4 21. b5 Bxb5 22. Nxd5 Nxd5 23. Qxd5 Rd8 24. Qe4 f5 25. Qc2 Rbd7 26. Be3 1/2-1/2

[Event "Nuremberg LGA Cup 8th"]
[Site "Nuremberg"]
[Date "2011.09.09"]
[Round "2"]
[White "Breutigam, Martin"]
[Black "Grafe, Wilhelm"]
[Result "1-0"]
[WhiteElo "2377"]
[BlackElo "2205"]
[PlyCount "71"]
[EventDate "2011.09.08"]
[EventType "swiss"]
[EventRounds "7"]
[EventCountry "GER"]
[SourceTitle "CBM 144 Extra"]
[Source "ChessBase"]
[SourceDate "2011.10.28"]
[SourceVersion "1"]
[SourceVersionDate "2011.10.28"]
[SourceQuality "1"]

1. Nf3 Nf6 2. c4 g6 3. g3 Bg7 4. Bg2 0-0 5. 0-0 c5 6. Nc3 d5 7. cxd5 Nxd5 8. Nxd5 Qxd5 9. d3 Nc6 10. Be3 Qd6 11. Rc1 Nd4 12. Nd2 Bg4 13. Re1 Qb6 14. Nc4 Qa6 15. Bg5 f6 16. Bd2 Rad8 17. a4 Bd7 18. Na5 Bc8 19. b4 cxb4 20. Bxb4 Rfe8 21. e3 Nf5 22. d4 Qb6 23. Qd2 Nd6 24. Bc5 Qa6 25. Bf1 Ne4 26. Qb4 Qe6 27. Bc4 Rd5 28. Bxa7 Kh8 29. Bxd5 Qxd5 30. Qb5 Qf7 31. Nxb7 e5 32. Nc5 Nd2 33. Qe2 Nb3 34. Nxb3 Qxa7 35. Nc5 exd4 36. Qb5 1-0

[Event "Forchheim op 9th"]
[Site "Forchheim"]
[Date "2010.10.01"]
[Round "1"]
[White "Walter, Florian"]
[Black "Grafe, Wilhelm"]
[Result "1/2-1/2"]
[WhiteElo "2019"]
[BlackElo "2202"]
[PlyCount "29"]
[EventDate "2010.10.01"]
[EventType "swiss"]
[EventRounds "5"]
[EventCountry "GER"]
[SourceTitle "CBM 138 Extra"]
[Source "ChessBase"]
[SourceDate "2010.10.29"]
[SourceVersion "1"]
[SourceVersionDate "2010.10.29"]
[SourceQuality "1"]

1. Nf3 Nf6 2. c4 g6 3. g3 Bg7 4. Bg2 0-0 5. 0-0 c5 6. Nc3 Nc6 7. Rb1 d5 8. b3 b6 9. Bb2 e6 10. d4 cxd4 11. Nxd4 Nxd4 12. Qxd4 Bb7 13. Rfd1 Qb8 14. cxd5 Nxd5 15. Qd2 1/2-1/2

[Event "Bad Woerishofen op 26th"]
[Site "Bad Woerishofen"]
[Date "2010.03.14"]
[Round "9"]
[White "Lamberger, Werner"]
[Black "Grafe, Wilhelm"]
[Result "0-1"]
[WhiteElo "2064"]
[BlackElo "2193"]
[PlyCount "74"]
[EventDate "2010.03.06"]
[EventType "swiss"]
[EventRounds "9"]
[EventCountry "GER"]
[SourceTitle "CBM 135 Extra"]
[Source "ChessBase"]
[SourceDate "2010.05.04"]
[SourceVersion "1"]
[SourceVersionDate "2010.05.04"]
[SourceQuality "1"]

1. Nf3 Nf6 2. d4 g6 3. Nc3 d5 4. Bf4 Bg7 5. Qd2 h6 6. h4 c6 7. e3 Bf5 8. Bd3 Nbd7 9. Ne2 Qb6 10. 0-0 Ne4 11. Bxe4 Bxe4 12. b3 Bxf3 13. gxf3 e5 14. Bg3 0-0 15. Rad1 Rfe8 16. c4 exd4 17. exd4 Qa6 18. Rc1 Nb6 19. Nc3 dxc4 20. Ne4 cxb3 21. axb3 Nd5 22. Be5 Bxe5 23. dxe5 Rxe5 24. Qxh6 Rh5 25. Qd2 Qb6 26. Rc4 Qxb3 27. Ng3 Qxc4 28. Nxh5 Qxh4 29. Ng3 Qf6 30. Re1 Qxf3 31. Re4 Qf6 32. Rg4 Re8 33. Kg2 Re5 34. Qd4 b6 35. Ne4 Qe6 36. Rh4 g5 37. Rh6 Qg4+ 0-1

[Event "Bad Woerishofen op 26th"]
[Site "Bad Woerishofen"]
[Date "2010.03.08"]
[Round "3"]
[White "Spanton, Timothy"]
[Black "Grafe, Wilhelm"]
[Result "0-1"]
[WhiteElo "2030"]
[BlackElo "2193"]
[PlyCount "50"]
[EventDate "2010.03.06"]
[EventType "swiss"]
[EventRounds "9"]
[EventCountry "GER"]
[SourceTitle "CBM 135 Extra"]
[Source "ChessBase"]
[SourceDate "2010.05.04"]
[SourceVersion "1"]
[SourceVersionDate "2010.05.04"]
[SourceQuality "1"]

1. e4 c6 2. d4 d5 3. exd5 cxd5 4. c4 Nf6 5. Nc3 e6 6. Nf3 Be7 7. Bd3 dxc4 8. Bxc4 0-0 9. 0-0 Nc6 10. Bg5 h6 11. Bh4 b6 12. Re1 Bb7 13. a3 Na5 14. Ba2 Nd5 15. Bxe7 Nxe7 16. b4 Rc8 17. Qd3 Bxf3 18. Qxf3 Nac6 19. d5 exd5 20. Nxd5 Nxd5 21. Rad1 Nce7 22. Bxd5 Nxd5 23. Rxd5 Qc7 24. g3 Qc3 25. Rd3 Qxe1+ 0-1

[Event "BL2-Ost 9798"]
[Site "Germany"]
[Date "1998.??.??"]
[Round "9.6"]
[White "Grafe, Wilhelm"]
[Black "Albrecht, Hans"]
[Result "1/2-1/2"]
[WhiteElo "2195"]
[BlackElo "2245"]
[PlyCount "62"]
[EventDate "1997.10.??"]
[EventType "team-tourn"]
[EventRounds "9"]
[EventCountry "GER"]
[SourceTitle "EXT 1999"]
[Source "ChessBase"]
[SourceDate "1998.11.16"]
[SourceVersion "1"]
[SourceVersionDate "1998.11.16"]
[SourceQuality "1"]
[WhiteTeam "Forchheim"]
[BlackTeam "Nuernberg"]
[WhiteTeamCountry "GER"]
[BlackTeamCountry "GER"]

1. Nf3 Nf6 2. d4 e6 3. g3 b6 4. Bg2 Bb7 5. 0-0 Be7 6. c4 0-0 7. Nc3 Ne4 8. Bd2 Bf6 9. Qc2 Nxc3 10. Bxc3 c6 11. b4 d5 12. cxd5 cxd5 13. b5 Qd7 14. a4 a5 15. Qd3 Rc8 16. Rfc1 Qe8 17. Bd2 Nd7 18. Rxc8 Rxc8 19. Rc1 h6 20. Qa3 Rxc1+ 21. Qxc1 Qc8 22. Qxc8+ Bxc8 23. Bf4 Bd8 24. Bd6 f6 25. Ne1 Bb7 26. Nd3 Kf7 27. Bh3 g5 28. f4 f5 29. Ne5+ Nxe5 30. Bxe5 g4 31. Bf1 Bf6 1/2-1/2

[Event "BL2-Ost 9596"]
[Site "Germany"]
[Date "1996.??.??"]
[Round "?.7"]
[White "Dengler, Dijana"]
[Black "Grafe, Wilhelm"]
[Result "1-0"]
[WhiteElo "2130"]
[BlackElo "2195"]
[PlyCount "57"]
[EventDate "1995.10.??"]
[EventType "team-tourn"]
[EventRounds "9"]
[EventCountry "GER"]
[SourceTitle "GER-chT2"]
[Source "ChessBase"]
[SourceDate "1999.07.01"]
[SourceVersion "1"]
[SourceVersionDate "1999.07.01"]
[SourceQuality "1"]
[WhiteTeam "Frankfurt FTG"]
[BlackTeam "Forchheim"]
[WhiteTeamCountry "GER"]
[BlackTeamCountry "GER"]

1. d4 Nf6 2. c4 g6 3. Nc3 Bg7 4. e4 d6 5. f3 0-0 6. Be3 Nc6 7. Qd2 a6 8. Nge2 Rb8 9. a3 Bd7 10. b4 Re8 11. d5 Ne5 12. Nd4 e6 13. Be2 Qe7 14. 0-0 exd5 15. cxd5 b5 16. Rac1 Rec8 17. Rfd1 c6 18. dxc6 Bxc6 19. Nxc6 Rxc6 20. Nd5 Nxd5 21. Qxd5 Rxc1 22. Rxc1 g5 23. f4 gxf4 24. Bxf4 Kh8 25. Rf1 Rc8 26. Kh1 h6 27. h3 Qh4 28. Qxd6 Rc6 29. Qb8+ 1-0

[Event "BL2-Ost 9596"]
[Site "Germany"]
[Date "1996.??.??"]
[Round "?.6"]
[White "Grafe, Wilhelm"]
[Black "Gruebner, Christopher"]
[Result "1-0"]
[WhiteElo "2195"]
[BlackElo "2085"]
[PlyCount "83"]
[EventDate "1995.10.??"]
[EventType "team-tourn"]
[EventRounds "9"]
[EventCountry "GER"]
[SourceTitle "GER-chT2"]
[Source "ChessBase"]
[SourceDate "1999.07.01"]
[SourceVersion "1"]
[SourceVersionDate "1999.07.01"]
[SourceQuality "1"]
[WhiteTeam "Forchheim"]
[BlackTeam "Griesheim"]
[WhiteTeamCountry "GER"]
[BlackTeamCountry "GER"]

1. Nf3 b6 2. g3 Bb7 3. Bg2 e5 4. c4 g6 5. Nc3 Bg7 6. d3 Ne7 7. Bg5 f6 8. Bd2 0-0 9. 0-0 Na6 10. Rb1 d5 11. cxd5 Nxd5 12. Qb3 Nc5 13. Qc4 Kh8 14. b4 Nxc3 15. Qxc3 Ne6 16. Qb2 Rb8 17. Bc3 c5 18. bxc5 Nxc5 19. Bb4 Re8 20. Bxc5 bxc5 21. Qa3 Bxf3 22. Bxf3 Qc7 23. Qa4 Rec8 24. Rfc1 Bf8 25. Bd5 Rb6 26. Rxb6 Qxb6 27. Qd7 Rd8 28. Qf7 Bh6 29. Rxc5 Qxc5 30. Qxf6+ Bg7 31. Qxd8+ Qf8 32. Qc7 a6 33. Bc4 Qb4 34. Qc8+ Bf8 35. Qe6 Qb1+ 36. Kg2 Qb7+ 37. e4 Qg7 38. Qxa6 h6 39. h4 g5 40. hxg5 Qxg5 41. Qe6 h5 42. Qe8 1-0

[Event "Passau op 3rd"]
[Site "Passau"]
[Date "1995.??.??"]
[Round "?"]
[White "Grafe, Wilhelm"]
[Black "Michenka, Jozef"]
[Result "0-1"]
[WhiteElo "2085"]
[BlackElo "2360"]
[PlyCount "64"]
[EventDate "1995.04.14"]
[EventType "swiss"]
[EventRounds "7"]
[EventCountry "GER"]
[SourceTitle "EXT 1999"]
[Source "ChessBase"]
[SourceDate "1998.11.16"]
[SourceVersion "1"]
[SourceVersionDate "1998.11.16"]
[SourceQuality "1"]

1. Nf3 Nf6 2. g3 d5 3. d4 Bf5 4. Bg2 e6 5. 0-0 Be7 6. c4 dxc4 7. Nc3 0-0 8. Qa4 Nc6 9. Qxc4 Nd7 10. a3 Nb6 11. Qa2 a5 12. Bf4 g5 13. Be3 a4 14. Rad1 Bc2 15. d5 Bxd1 16. Rxd1 Nxd5 17. Nxd5 exd5 18. Rxd5 Qe8 19. Nxg5 Rd8 20. Qb1 Bxg5 21. Rxg5+ Kh8 22. Be4 f6 23. Rc5 Rf7 24. Rh5 Qd7 25. Bd5 Rg7 26. Qe4 Ne5 27. Bh6 Rg4 28. Bf4 Ng6 29. Be6 Qd1+ 30. Kg2 Nxf4+ 31. Kf3 Nxh5 32. Kxg4 Rd4 0-1

[Event "BL2-Ost 9596"]
[Site "Germany"]
[Date "1995.??.??"]
[Round "?.6"]
[White "Grafe, Wilhelm"]
[Black "Mirschinka, Dirk"]
[Result "1/2-1/2"]
[WhiteElo "2195"]
[BlackElo "2280"]
[PlyCount "105"]
[EventDate "1995.10.??"]
[EventType "team-tourn"]
[EventRounds "9"]
[EventCountry "GER"]
[SourceTitle "GER-chT2"]
[Source "ChessBase"]
[SourceDate "1999.07.01"]
[SourceVersion "1"]
[SourceVersionDate "1999.07.01"]
[SourceQuality "1"]
[WhiteTeam "Forchheim"]
[BlackTeam "Chemnitz"]
[WhiteTeamCountry "GER"]
[BlackTeamCountry "GER"]

1. Nf3 Nf6 2. c4 g6 3. g3 Bg7 4. Bg2 d5 5. d4 0-0 6. 0-0 c6 7. Ne5 Nfd7 8. Nxd7 Nxd7 9. cxd5 cxd5 10. Nc3 Nf6 11. Qb3 e6 12. Rd1 Qe7 13. Bg5 h6 14. Bxf6 Bxf6 15. Rac1 Rb8 16. a4 Rd8 17. e3 Bd7 18. Bf1 Bc6 19. a5 Qd7 20. Ra1 Rdc8 21. Rdc1 Kg7 22. Qa3 Be7 23. b4 b6 24. Rab1 bxa5 25. Qxa5 Bd8 26. Qa2 Bb6 27. b5 Bb7 28. Na4 Qd6 29. Nxb6 axb6 30. Qa7 Rxc1 31. Rxc1 Rc8 32. Rxc8 Bxc8 33. h4 Kf6 34. Be2 h5 35. Bf1 Kg7 36. Be2 Kf6 37. f4 Bd7 38. Kf2 Ke7 39. Qa4 Qc7 40. Qa3+ Ke8 41. Qa8+ Ke7 42. Qa3+ Qd6 43. Qb3 Kf6 44. Qc3 Kg7 45. Bd3 Qb8 46. Qa3 Qe8 47. Qa6 Qb8 48. Qa3 Qe8 49. Qa6 Qb8 50. Be2 Qc7 51. Qa4 Be8 52. Qa8 Bd7 53. Qa4 1/2-1/2

[Event "BL2-Ost 9495"]
[Site "Germany"]
[Date "1995.??.??"]
[Round "5.6"]
[White "Janoszka, Arnd"]
[Black "Grafe, Wilhelm"]
[Result "1/2-1/2"]
[WhiteElo "2220"]
[BlackElo "2065"]
[PlyCount "87"]
[EventDate "1994.10.??"]
[EventType "team-tourn"]
[EventRounds "9"]
[EventCountry "GER"]
[SourceTitle "GER-chT2"]
[Source "ChessBase"]
[SourceDate "1999.07.01"]
[SourceVersion "1"]
[SourceVersionDate "1999.07.01"]
[SourceQuality "1"]
[WhiteTeam "Frankfurt FTG"]
[BlackTeam "Forchheim"]
[WhiteTeamCountry "GER"]
[BlackTeamCountry "GER"]

1. Nf3 Nf6 2. d3 g6 3. Nbd2 Bg7 4. e4 d6 5. Be2 0-0 6. 0-0 Nbd7 7. c3 e5 8. Re1 Nc5 9. Bf1 Nh5 10. d4 Ne6 11. Nc4 b5 12. Na3 exd4 13. Nxd4 a6 14. Nac2 Bb7 15. g3 Re8 16. Nxe6 fxe6 17. Bg2 e5 18. a4 Qd7 19. Nb4 c6 20. Nd3 Qf7 21. Be3 Nf6 22. f4 Rad8 23. fxe5 dxe5 24. Qe2 Qc4 25. Nc5 Qxe2 26. Rxe2 Bc8 27. h3 Nd7 28. Nb3 Nf8 29. Ree1 Ne6 30. Rad1 Rxd1 31. Rxd1 Rd8 32. Rxd8+ Nxd8 33. axb5 axb5 34. Nc5 Ne6 35. h4 Nxc5 36. Bxc5 Bg4 37. Kf2 Kf7 38. Bf3 h5 39. Bxg4 hxg4 40. Ke2 Bf6 41. Kd3 Ke6 42. Be3 Bd8 43. b3 Ba5 44. Bh6 1/2-1/2

[Event "BL2-Ost 9596"]
[Site "Germany"]
[Date "1995.??.??"]
[Round "?.5"]
[White "Meier, Volker"]
[Black "Grafe, Wilhelm"]
[Result "0-1"]
[WhiteElo "2320"]
[BlackElo "2195"]
[PlyCount "92"]
[EventDate "1995.10.??"]
[EventType "team-tourn"]
[EventRounds "9"]
[EventCountry "GER"]
[SourceTitle "GER-chT2"]
[Source "ChessBase"]
[SourceDate "1999.07.01"]
[SourceVersion "1"]
[SourceVersionDate "1999.07.01"]
[SourceQuality "1"]
[WhiteTeam "Anhalt"]
[BlackTeam "Forchheim"]
[WhiteTeamCountry "GER"]
[BlackTeamCountry "GER"]

1. e4 e6 2. d4 d5 3. Nd2 Nf6 4. e5 Nfd7 5. f4 c5 6. c3 Nc6 7. Ndf3 Qa5 8. Kf2 b5 9. a3 b4 10. cxb4 cxb4 11. a4 Ba6 12. b3 Rc8 13. Bb2 Bxf1 14. Kxf1 Be7 15. g3 Qa6+ 16. Kg2 Na5 17. h4 h5 18. Rh2 g6 19. Kh1 Kf8 20. Ng5 Kg7 21. Qf3 Rc7 22. Re1 Nc6 23. f5 gxf5 24. Ne2 Bxg5 25. hxg5 Ne7 26. Nf4 Ng6 27. Nxh5+ Rxh5 28. Rxh5 Rc2 29. Rh2 Qc8 30. Ree2 Rxb2 31. Rxb2 Qc1+ 32. Kg2 Qxb2+ 33. Qf2 Qxb3 34. a5 Qa4 35. Rh1 Qxa5 36. Rc1 Qb6 37. Rc8 b3 38. Qb2 a5 39. Kf3 Qb5 40. Ke3 Qf1 41. Qxb3 f4+ 42. Kd2 Qf2+ 43. Kc3 fxg3 44. Qd1 g2 45. Qh5 Ndf8 46. Qh6+ Kg8 0-1